000 00475nam a2200181Ia 4500
005 20250508161814.0
008 008 250505s9999 xx 000 0 hin d
037 _aTextual
040 _aFEDL
_beng
_cFEDL
041 _ahin
_2hin
084 _aFH, ARU
_qFEDL
100 _aArun
245 0 _aRailgaddi ke dibbe: Ekanki sangrah
260 _aDelhi, India
_bAtmaram and Sons
_c1954
300 _a160p.
942 _cTEXL
_hFH, ARU
999 _c1372316
_d1372316